Language in use Pre - intermediate

Uloženo v:
Podrobná bibliografie
Hlavní autor: ADRIAN DOFF
Médium: Kniha
Jazyk:Undetermined
Vydáno: Cambridge, UK Cambridge Univ. Press 2000
Témata:
Tagy: Přidat tag
Žádné tagy, Buďte první, kdo otaguje tento záznam!
Thư viện lưu trữ: Trung tâm Học liệu Trường Đại học Cần Thơ
LEADER 00524nam a2200181Ia 4500
001 CTU_49180
008 210402s9999 xx 000 0 und d
082 |a 428.24 
082 |b D654p 
100 |a ADRIAN DOFF 
245 0 |a Language in use Pre - intermediate 
245 0 |c ADRIAN DOFF, Christopher Jones 
260 |a Cambridge, UK 
260 |b Cambridge Univ. Press 
260 |c 2000 
650 |a english language 
650 |x textbooks for foreign speakers 
980 |a Trung tâm Học liệu Trường Đại học Cần Thơ